Quizzes
Events
Quiz Creation
Community
Videos
Private Events
Remove Ads
Sign In
Join for FREE
Feedback
Dark Mode
Quiz Categories
Sports
Geography
Music
Movies
Television
Just For Fun
Miscellaneous
History
Literature
Language
Science
Gaming
Entertainment
Religion
Holiday
For Kids
Quiz Lab
Recent
Popular Today
Quiz Kudos Today
Editor Picks
Curator Picks
Quizzes by...
Day
Popularity
Type
Ratings
Length
Year
Community
Subscriptions
Recent Discussions
Orange Saloon
Badges
Playlists
Quests
Create
Leaderboards
Showdown
Live 5
Trivia Bingo
Activity
Puzzle Library
Sporcle Events
Private Events
Virtual Trivia
Globe League
Become a Host
Pub Owners
SporcleCon
Opinionation
Our Games
Videos
Blog
Mobile Apps
Partnerships
Remove Ads and Go Orange
Feedback
Science
Computer
Plants
Astronomy
Chemistry
Elements
Math
Animal
Physics
Anatomy
Biology
Geology
General Science
Science
Computer
Plants
Astronomy
Chemistry
Elements
Math
Animal
Physics
Anatomy
Biology
Geology
General Science
Random Quiz
Search Sporcle
×
Quiz Lab
Quiz Lab
Science
disease
Type in answers that appear in a list
Type in answers that appear in a list
Classic
Best Score? Go Orange.
Genetic diseases Stats
Can you name the Genetic diseases?
By
Wild20
10m
20 Questions
363 Plays
363 Plays
363 Plays
Comments
Comments
Give Quiz Kudos
Give Quiz Kudos
-
- Ratings
hide this ad
Replay
Link that replays current quiz
Next Quiz
Link to next quiz in quiz playlist
You Got
0%
They Got
Avg Score
30%
Avg Friend Score
Upgrade to see
Score Distribution
Jump to the score distribution portion of the page
Score
0/20
Timer
10:00
0
Plays Today
Symptoms
Disease name
% Correct
Depression, progressive dementia, choreiform movements.
Huntington's Disease
69.7%
Recurrent pulmonary infections, chroninc bronchitis, pancreatic insufficiency.
Cystic Fibrosis
65.3%
Flat facies, mental retardation, simian crease, duodenal atresia.
Down's Syndrome
57.3%
Short Statue, webbed neck, coarctation of aorta, streak ovaries.
Turner's Syndrome
54.8%
Long extremities, hyperextensive joints, cystic medial necrosis of aorta, floppy mitral valve.
Marfan's Syndrome
54%
Easily bruises, bleeds into joint capsule.
Hemophilia A
44.9%
Progressive cortical degeneration, developmental delay, cherry-
red spot on macula, onion-
skinning of lysosomes.
Tay-Sachs Disease
37.2%
Mental retardation, seizures, feeding prblems, sweet-
smelling urine.
Maple Syrup Urine Disease
28.1%
Deafness, weak bones, blue sclera.
Osteogenesis Imperfecta
28.1%
Mental retardation, rocker-
bottom feet, small jaw, clenched hands, heart disease.
Edward's Syndrome
27.3%
Symptoms
Disease name
% Correct
Adenomatous polyps appear in colon after puberty. Caused by deletion of APC gene on chromosome 5.
Familial Adenomatous Polyposis
25.9%
Weakness of pelvic girdle muscles, pseudohypertrophy of calf muscles, cardiac myopathy.
Duchenne's Muscular Dystrophy
25.9%
Mental retardation, rocker-
bottom feet, cleft lip, cleft palate, holoprosencephaly, polydactyly, heart disease.
Patau's Syndrome
20.1%
Progressive paralysis beginning in hands between the ages of 40-
60.
Amyotrophic Lateral Sclerosis
18.2%
Cardiac rhabdomyomas, ash leaf spots, mental retardation, seizures.
Tuberous Sclerosis
17.9%
Hepatosplenomegaly, fibrillar macrophages in liver, spleen, and bone marrow.
Gaucher's Disease
9.9%
Liver cirrhosis, panacinar emphysema.
Alpha 1-Antitrypsin Deficiency
7.4%
Increased glycogen in muscles, muscle cramps, myoglobinuria after exercise.
McArdle's Disease
6.6%
Bilateral enlargement of kidneys, flank pain, hematuria, hypertension, renal failure, berry aneurysms, mitral valve prolapse.
Adult Polycystic Kidney Disease
5.2%
Photosensitive skin lesions, hyperpigmentation, fragile skin, hypertrichosis.
Porphyria Cutanea Tarda
2.5%
Quiz Playlist
Details
Report
Send in Message
Add To Playlist
Classic:
Type in answers that appear in a list
Last Updated: Feb 16, 2017
Quiz Scoreboard
CHALLENGE
Sign Up to Join the Scoreboard
Show All
Scores
Hide
Comments
May contain spoilers
Recently Published
Billboard Blitz: Fleetwood Mac
by CooCooCachoo
Music
15s
Presidents Visiting Landmarks
by Hejman
History
7m
An Introduction to Baseball
by treessimontrees
Sports
5m
More to Explore
Quiz From the Vault
Featured Blog Post
Where Did the Easter Bunny Come From?
hide this ad
You Might Also Like...
Tags
disease
genetic
Symptom
Today's Top Quizzes in Science
Browse Science
hide this ad
Today's Top Quizzes in disease
Browse disease
Top Contributed Quizzes in Science
1
Quick Pick: Radians
2
Quick Pick: 'CI-CJ' Animals
3
The First 100 Digits of Pi
4
Elements In Images
5
Name the Acid, Base or Salt
6
One Thing in Common: Science
7
Science Jokes
8
One Thing in Common: Science III
9
One Thing in Common: Animals
10
One Thing in Common: Science II
Explore More
Trending Topics
NBA
Anime
Harry Potter
Kpop
Crossword
Marvel
Disney
WWE
Soccer
Song
Puzzle
NFL
Pokémon
The Office
Country
hide this ad
More By:
Wild20
Quiz
Plays
Rating
Category
Featured
Created
Genetic diseases
363
3.00
Science
May 26, 2010
Go to Creator's Profile
Score Distribution
Quiz Creator Spotlight
Wild20
Follow
Send a Message
Quizzes Created
-
Created Quiz Play Count
-
More By This Creator
Popular Quizzes Today
1
Find the US States - No Outlines Minefield
2
Find the Countries of Europe - No Outlines Minefield
3
The Countries of the World
4
Find the US States
5
Risky Map Clicking: Biggest States A-Z
6
US States
7
Popular People in 1961
8
Movies - When Are They Set?
More Science Quizzes
Trivia Grid Blitz - Numbers III
Published
Trending Quizzes
Risky Map Clicking: Least Populous States A-Z
1-10 Letter G Words
1-10 Letter F Words
Risky Map Clicking: Next State Alphabetically
Risky Map Clicking: Biggest States A-Z
Recently Updated
Leaping Animals
pecheneg
Reality TV Shows (A-Z)
bhenderson79
Rickey Henderson's Hall of Fame Teammates
pecheneg
Champions League XIs: Arsenal
pecheneg
Quick Pick: Celebrities in WWE's Hall of Fame
aduchscher
A-Z Keypad Blitz II
pecheneg
Multiple Oscar Actors
pecheneg
Mystery Phrase Blitz: Oscar 'Best Actors'
pecheneg
F. Scott Fitzgerald Novels
LTH
Pick 3 Villains
ddd62291
Trending Topics
Harry Potter
Kpop
Crossword
Disney
NBA
Anime
Marvel
NFL
Soccer
The Office
Song
Pokémon
Puzzle
Country
WWE
Your Account Isn't Verified!
In order to create a playlist on Sporcle, you need to verify the email address you used during registration. Go to your
Sporcle Settings
to finish the process.
Report this User
Report this user for behavior that violates our
Community Guidelines
.
Details:
Send Report
Go to the Sporcle.com Mobile Site →
Comments